Bible pinnacles. (Record no. 3570)

000 -LEADER
fixed length control field 00587nam a2200193 a 4500
001 - CONTROL NUMBER
control field :::00001301$&:&@@
003 - CONTROL NUMBER IDENTIFIER
control field OkBaRHE
005 - DATE AND TIME OF LATEST TRANSACTION
control field 20000607103243.0
008 - FIXED-LENGTH DATA ELEMENTS--GENERAL INFORMATION
fixed length control field s1985 j 000 0 eng u
020 ## - INTERNATIONAL STANDARD BOOK NUMBER
International Standard Book Number 0825435161
040 ## - CATALOGING SOURCE
Transcribing agency
100 1# - MAIN ENTRY--PERSONAL NAME
Personal name Powell, Ivor, 1910-
245 10 - TITLE STATEMENT
Title Bible pinnacles.
Statement of responsibility, etc Foreword by F. W. Boreham.
260 ## - PUBLICATION, DISTRIBUTION, ETC. (IMPRINT)
Place of publication, distribution, etc Grand Rapids, MI., :
Name of publisher, distributor, etc Kregel Publications
Date of publication, distribution, etc 1985
300 ## - PHYSICAL DESCRIPTION
Extent 192 p. ;
Dimensions 20 cm.
650 ## - SUBJECT ADDED ENTRY--TOPICAL TERM
Topical term or geographic name as entry element Bible
General subdivision Biography
942 ## - ADDED ENTRY ELEMENTS (KOHA)
Source of classification or shelving scheme
Koha item type Books
Copies
Koha item type Barcode Copy number Not for loan Full call number Source of classification or shelving scheme Lost status Shelving location Price effective from Damaged status Withdrawn status Permanent Location Date last seen Date acquired
Books13011 BS 571.5 .P66  General Stacks2010-04-14  RHEMA Bible Training College2010-04-142010-04-14